| 000 | 00532nam a2200181 a 4500 | ||
|---|---|---|---|
| 005 | 20140310183225.0 | ||
| 008 | 040424s19uu xx 00 eng d | ||
| 020 | _a9719201843 | ||
| 050 |
_aDS 676 _b.Ag37 1998 |
||
| 100 | _aAguinaldo, Emilio | ||
| 245 |
_aMga gunita ng himagsikan / _cEmilio Aguinaldo |
||
| 260 |
_aManila : _bNational Centennial Commission, _c1998. |
||
| 300 |
_a340 p. : _bill. ; _c22 cm. |
||
| 650 |
_aBiography _xEmilio Aguinaldo _xPhilippines. |
||
| 942 |
_cBK _2lcc _kFLIR |
||
| 999 |
_c20396 _d20396 |
||